000 00504nam a2200181Ia 4500
005 20250508154731.0
008 008 250505s9999 xx 000 0 eng d
037 _aTextual
040 _aFEDL
_beng
_cFEDL
041 _aeng
_2eng
084 _a954.03, MOL
_qFEDL
100 _aMolesworth Lt-Gen G N
_9765965
245 0 _aCurfew on olympus
260 _aBombay, India
_bAsia Publishing House
_c1965
300 _aviii,296p
942 _cTEXL
_h954.03, MOL
999 _c1351858
_d1351858